000 00652cam a2200217 a 4500
001 000010230
003 OSt
005 20201002031104.0
008 820309s1981 pr a 000 p spa
040 _aDO-SdBNP
_bspa
_cBNPHU
082 _aPR861.44
_bP171a
100 1 _aPalma, Marigloria,
_d1921-1994.
_925236
245 1 0 _aAire habitado :
_bpoemas /
_cMarigloria Palma.
260 _aSan Juan, Puerot Rico :
_bMairena,
_c1981.
300 _a73 p. :
_bil., , ;
_c22 cm.
590 _aInventariado, 2020/ YL
650 4 _aPoesía puertorriqueña
_91015
650 4 _aLiteratura puertorriqueña
_ySIGLO XX
_95311
910 _aEn proceso
942 _2ddc
_cLF1
999 _c9989
_d9989